Régimen de la tutela (Registro nro. 32790)

Detalles MARC
000 -LEADER
fixed length control field 00334 a2200109 4500
001 - CONTROL NUMBER
control field ART_43961
005 - DATE AND TIME OF LATEST TRANSACTION
control field 20260410162017.0
008 - FIXED-LENGTH DATA ELEMENTS--GENERAL INFORMATION
fixed length control field 260409a
100 1# - MAIN ENTRY--PERSONAL NAME
Personal name Olmo, Juan P.
245 10 - TITLE STATEMENT
Title Régimen de la tutela
773 0# - HOST ITEM ENTRY
Title Temas de derecho de familia, sucesiones y bioética
Related parts - Año 2, Nº 9 (sep. 2017)
Record control number REV41029

No hay ítems disponibles.